Statistiken für Gemeinden von Wien im Jahre 1817 mit Karte

Klicken Sie hier um das Quiz zu spielen!

Allgemein

  • Dieses Quiz wurde 36 mal gespielt
  • Das Durchschnittsergebnis liegt bei 32 aus 77

Antworten auf der Karte

Die Antworten werden auf der Karte rot bzw. grün angezeigt, abhängig davon wie oft sie richtig erraten wurden.
 

Antwortstatistiken

Gemeinde% Korrekt
Innere Stadt
96%
Simmering
79%
Ottakring
71%
Leopoldstadt
68%
Aspern
64%
Heiligenstadt
64%
Hütteldorf
64%
Grinzing
61%
Hernals
61%
Purkersdorf
61%
Hietzing
57%
Kagran
57%
Kaiserebersdorf
57%
Kaiserebersdorf Herrschaft
57%
Klosterneuburg
57%
Liesing
57%
Meidling
57%
Oberlaa Land
57%
Penzing
57%
Oberdöbling
54%
Stammersdorf
54%
Erlaa
50%
Mauer
50%
Stadlau
50%
Währing
50%
Au am Kraking
46%
Lainz
46%
Ober St. Veit
46%
Atzgersdorf
43%
Essling
43%
Hirschstetten
43%
Inzersdorf
43%
Obersievering
43%
Preßbaum
43%
Unterlaa
43%
Untersievering
43%
Breitenlee
39%
Breitensee
39%
Dornbach
39%
Fünfhaus
39%
Hetzendorf
39%
Leopoldau
39%
Oberbaumgarten
39%
Pötzleinsdorf
39%
Rudolfsheim
39%
Schönbrunn
39%
Speising
39%
Strebersdorf
39%
Süßenbrunn
39%
Rodaun
36%
Rothneusiedl
36%
Sechshaus
36%
Siebenhirten
36%
Auhof
32%
Gerasdorf
32%
Gersthof
32%
Kalksburg
32%
Weidling
32%
Gablitz
29%
Hadersdorf
29%
Jedlesee
29%
Kahlenbergerdorf
29%
Mauerbach
29%
Neustift am Walde
29%
Neuwaldegg
29%
Altmannsdorf
25%
Großjedlersdorf
25%
Salmannsdorf
25%
Kritzendorf
18%
Weidlingbach
18%
Höflein an der Donau
14%
Rekawinkel
14%
Seyring
14%
Kierling
11%
Tullnerbach
11%
Wolfsgraben
11%
Gugging
7%

Verteilung der Resultate

Perzentil nach korrekt beantworteten Fragen

Anzahl Personen mit jedem Resultat

Ihre Resultats-Entwicklung

Sie haben dieses Quiz noch nicht gespielt